Datum a čas kvízu

27.5 Celkem bodů Celkový počet nahraných bodů na tomto kvízu bez doplňovacích otázek.
1. Pořadí na kvízu Konečné umístění týmu na tomto kvízu.

Zaznamenané odpovědi

# Otázka Odpověď Body Výsledky
1. Poslanci jedné parlamentní str... 1
2. Jisté velké německé město svým... 0
3. Americká filmová akademie minu... 1
4. Pouze dva obžalovaní stanuli v... 0
5. Jak se jmenuje česká biatlonis... 1
21. Nejdelší had na světě chovaný... 1
22. Tento živočich z řádu krokodýl... 1
23. Několik druhů chameleonů (např... 1
24. Jak se nazývá tento živočich?... 1
25. Napište jméno herce s tureckým... 0